[Event "EU-Cup 38th"]
[Site "Durres"]
[Date "2023.10.01"]
[Round "1.5"]
[White "Piceu, Jarid"]
[Black "Balog, Imre1111"]
[Result "0-1"]
[WhiteElo "1908"]
[BlackElo "2622"]
[PlyCount "42"]
[EventDate "2023.10.01"]
[EventType "team-swiss"]
[EventRounds "7"]
[EventCountry "ALB"]
[SourceTitle "EXT 2024"]
[Source "ChessBase"]
[SourceDate "2023.10.10"]
[SourceVersion "1"]
[SourceVersionDate "2023.10.10"]
[SourceQuality "1"]
[WhiteTeam "Bruges"]
[BlackTeam "Ajka Sentimento"]
[WhiteTeamCountry "BEL"]
[BlackTeamCountry "HUN"]

1. d4 Nf6 2. c4 g6 3. Nc3 Bg7 4. Nf3 0-0 5. Bf4 d5 6. cxd5 Nxd5 7. Nxd5 Qxd5 8. e3 c5 9. Qb3 Qxb3 10. axb3 cxd4 11. Bxb8 Rxb8 12. Nxd4 a6 13. Be2 Rd8 14. Rd1 e5 15. Nf3 Bf5 16. 0-0 Bc2 17. Rxd8+ Rxd8 18. b4 e4 19. Ng5 h6 20. Rc1 Rd2 21. Kf1 Bxb2 0-1